Capital do Estado Brasileiro#4 - Statistics

Estatísticas Gerais
  • Esse quiz foi jogado 85 vezes
  • A pontuação média é 6 de 7
Estatísticas das Respostas
Estado Capital % Correto
Tocantins Palmas
94%
Amapá Macapá
92%
Espírito Santo Vitória
92%
Rio Grande do Sul Porto Alegre
91%
Pernambuco Recife
89%
Paraíba João Pessoa
88%
Piauí Teresina
86%
Nenhum quiz correspondente encontrado
Distribuição das Pontuações
Porcentagem de Pessoas com Cada Pontuação
Percentil de Números Respondidos
Sua Pontuação Histórica
Você não jogou esse quiz